| 000 | 00344nam a22001217a 4500 | ||
|---|---|---|---|
| 008 | 260427b |||||||| |||| 00| 0 eng d | ||
| 082 | _a002016 | ||
| 100 | _aSinghania, Nitin | ||
| 245 | _aCourseware on Indian Art and Culture | ||
| 260 |
_aChennai _bMcgraw Hill Education _cCourseware on Indian Art and Culture |
||
| 300 | _a 542p | ||
| 942 | _2ddc | ||
| 999 |
_c1334 _d1334 |
||